| 000 | 00474nam a22001937a 4500 | ||
|---|---|---|---|
| 003 | MPLRDC | ||
| 005 | 20220104143455.0 | ||
| 008 | 210129b ||||| |||| 00| 0 eng d | ||
| 020 | _a962-973-073-1 | ||
| 082 | _a573.07 WJM c.2 | ||
| 100 | _a翁杰明等主编 | ||
| 245 |
_a中国最新国情大透视 _c |
||
| 250 | _a初版 | ||
| 260 |
_a _b明报出版社 _c1997 |
||
| 300 | _b平 | ||
| 490 | _a神州系列 | ||
| 650 | _a中国政策 | ||
| 942 |
_cBK _o573.07 WJM c.2 |
||
| 999 |
_c40261 _d40251 |
||